Central Library OPAC University of Rajshahi

Crossroads : land and life in southwest Asia / (Record no. 68986)

MARC details
000 -LEADER
fixed length control field 00809nam a2200253 a 4500
001 - CONTROL NUMBER
control field 68986
003 - CONTROL NUMBER IDENTIFIER
rucl marc code BD-RjUL
005 - DATE AND TIME OF LATEST TRANSACTION
control field 20211209081833.0
008 - FIXED-LENGTH DATA ELEMENTS--GENERAL INFORMATION
fixed length control field 730904s1960 iluab b 000 0 eng
035 ## - SYSTEM CONTROL NUMBER
System control number (BD-RjUL)69197
040 ## - CATALOGING SOURCE
Original cataloging agency DLC
Transcribing agency DLC
Modifying agency DLC
-- BD-RjUL
Language of cataloging eng
041 ## - LANGUAGE CODE
Language code of text/sound track or separate title eng
082 00 - DEWEY DECIMAL CLASSIFICATION NUMBER
Edition number 23
Classification number 915
Author mark and year CRC 1960
100 1# - MAIN ENTRY--PERSONAL NAME
Personal name Cressey, George B.
Dates associated with a name 1896-1963.
9 (RLIN) 204378
245 10 - TITLE STATEMENT
Title Crossroads : land and life in southwest Asia /
Statement of responsibility, etc. George B. Cresse
260 ## - PUBLICATION, DISTRIBUTION, ETC. (IMPRINT)
Place of publication, distribution, etc. Chicago :
Name of publisher, distributor, etc. Lippincott,
Date of publication, distribution, etc. 1960
300 ## - PHYSICAL DESCRIPTION
Pagination xiv, 593 p. :
Illustrations ill. ;
Size 26 cm.
490 0# - SERIES STATEMENT
Series statement The Lippincott geography series
504 ## - BIBLIOGRAPHY, ETC. NOTE
Bibliography, etc Includes bibliographies.
651 #0 - SUBJECT ADDED ENTRY--GEOGRAPHIC NAME
Geographic name Middle East
General subdivision Description and travel.
9 (RLIN) 204379
Geographic name Middle East
General subdivision Geography.
9 (RLIN) 204380
830 ## - SERIES ADDED ENTRY--UNIFORM TITLE
Uniform title The Lippincott geography series
942 ## - ADDED ENTRY ELEMENTS (KOHA)
Source of classification or shelving scheme Dewey Decimal Classification
Koha item type Books
Holdings
Lost status Source of classification or shelving scheme Damaged status Not for loan Collection code Permanent Location Current Location Shelving location Date acquired Source of acquisition Cost, normal purchase price Total Checkouts Full call number Date last seen Copy number Koha item type
  Dewey Decimal Classification   Not For Loan Non-fiction Central Library, University of Rajshahi Central Library, University of Rajshahi Reading Room 14/05/1964 Zeithinger 76.00   915 CRC 1960 09/04/2017 C-1 Books